5HLuxD.jpg

KING HENRY VIII SENIOR AND PRIMARY SCHOOL LIBRARY OPAC

SEA ANIMALS (Record no. 4333)

000 -LEADER
fixed length control field 00275nam a22001217a 4500
008 - FIXED-LENGTH DATA ELEMENTS--GENERAL INFORMATION
fixed length control field 250206b ||||| |||| 00| 0 eng d
020 ## - INTERNATIONAL STANDARD BOOK NUMBER
International Standard Book Number 9781406280715
082 ## - DEWEY DECIMAL CLASSIFICATION NUMBER
Classification number 591.77
100 ## - MAIN ENTRY--PERSONAL NAME
Personal name SMITH,SIAN
Relator term EDITOR
245 ## - TITLE STATEMENT
Title SEA ANIMALS
260 ## - PUBLICATION, DISTRIBUTION, ETC.
Place of publication, distribution, etc. LONDON
Name of publisher, distributor, etc. raintree
942 ## - ADDED ENTRY ELEMENTS (KOHA)
Source of classification or shelving scheme
Holdings
Withdrawn status Lost status Source of classification or shelving scheme Damaged status Not for loan Collection code Permanent Location Current Location Shelving location Date acquired Total Checkouts Full call number Barcode Date last seen Date last checked out Price effective from Koha item type Public note
          Non-Fiction KH8 Primary School Library KH8 Primary School Library Non Fiction 2025-02-06 3 591.77 SMI KHPL0000050103 2026-01-23 2026-01-14 2025-02-06 Books - Non Ficton KH8 PRIMARY LIBRARY

Powered By KH8 IT Dept